000 01412nam0a2200373 4500
001 RU\NLR\bibl\998792
005 20250614223537.0
010 _a3-86605-358-4
_97000
021 _aRU
_b2006-53546
_92646
021 _aRU
_b2006-81656
_94138
035 _a(nilc)RSL-KNO-002927744
035 _a(NLR Aleph) 000986533
090 _a492150
_c492150
100 _a20060914d2006 |||y0rusy50 ca
101 1 _arus
_cger
102 _aRU
105 _aa |||||||||
106 _ar
200 1 _aНоски
_eоригинальные идеи
_fЛена Фукс
_g[пер. с нем. А. Карвелис]
210 _aМосква
_cМой Мир
_d2006
_eТверь
_gТверской полиграфкомбинат
215 _a95 с.
_cцв. ил.
_d26
225 1 _aВяжем для всей семьи
606 1 _aВязание
_92050230
_3RU\NLR\auth\661229781
610 0 _aПроизводства легкой промышленности -- Швейное производство -- Рукоделие -- Ручное вязание - Вязание на спицах -- Популярные издания
610 0 _aноски
686 _aМ483я9
_2rubbk
686 _aМ483
700 1 _aФукс
_bЛ.
_gЛена
_4070
801 0 _aRU
_bРКП
_c20060914
_grcr
801 1 _aRU
_bРГБ
_c20060914
801 2 _aRU
_bNLR
_c20061018
_grcr
942 _cBOOK
980 _aNB